000 00326nam a2200133Ia 4500
008 100328s9999 xx 000 0 und d
082 _b35084
100 _aभेण्डे सुभाष
245 _aअदेशी
260 _bहंस
630 _aअदेशी
730 _aअदेशी
942 _cBOOK
999 _c525084
_d525081